Estatísticas para Top 10 Países da FIFA por Ano

Clique aqui para jogar o quiz

Estatísticas Gerais

  • Esse quiz foi jogado 3 896 vezes
    (1 408 desde o último reset)
  • A pontuação média é 16 de 19

Estatísticas das Respostas

AnosTime% Correto
2012, 2014, 2015, 2016, 2017, 2018, 2019, 2020Brasil
100%
2012, 2013, 2014, 2015, 2016, 2017, 2018, 2020Argentina
99%
2012, 2013, 2014, 2015, 2016, 2017, 2018, 2019, 2020Espanha
98%
2012, 2013, 2014, 2015, 2016, 2017, 2018Alemanha
98%
2015, 2017, 2018, 2019, 2020França
98%
2012, 2013, 2014, 2015, 2016, 2017, 2018, 2019, 2020Portugal
96%
2012, 2013, 2014Itália
94%
2015, 2016, 2017, 2018, 2019, 2020Bélgica
92%
2012, 2014, 2015, 2017, 2019, 2020Uruguai
91%
2012, 2013, 2014, 2015Holanda
90%
2012, 2013, 2016, 2019, 2020Inglaterra
90%
2012, 2013, 2019, 2020Croácia
86%
2013, 2014, 2015, 2016, 2017, 2020Colômbia
86%
2013Rússia
85%
2016, 2017, 2018Chile
84%
2014, 2018, 2019Suíça
75%
2018Polônia
69%
2019Dinamarca
59%
2016Áustria
50%

Distribuição das Pontuações

Percentil de Números Respondidos

Porcentagem de Pessoas com Cada Pontuação

Sua Pontuação Histórica

Você não jogou esse quiz desde o último reset